عرض عادي
عرض مارك
- Van Beek, Allen.
مدخل إسم شخص
001 - رقم الضبط
- حقل الضبط: 36126
003 - معرف رقم الضبط
- حقل الضبط: OSt
005 - تاريخ ووقت أخر عملية
- حقل الضبط: 20130624165659.0
008 - عناصر بيانات ثابتة الطول
- حقل تحكم ثابت الطول: 130624|||a|||||| | ||| d
040 ## - مصدر الفهرسة
- هيئة الفهرسة الأصلية: OSt
- وكالة الكتابة: OSt
100 ## - مدخل -- أسم شخص
- إسم شخص: Van Beek, Allen.
670 ## - بيانات المصدر موجوده
- الاستشهاد بالمصدر: Work cat.: (OSt)0: Plastic surgery., 2013.
